Ecology and management of sand shinnery communities : a literature review /

Bibliographic Details
Main Author: Peterson, Roger S.
Corporate Author: Rocky Mountain Research Station (Fort Collins, Colo.)
Other Authors: Boyd, Chad S.
Format: Government Document Book
Language:English
Published: Fort Collins, Colo. : U.S. Dept. of Agriculture, Forest Service, Rocky Mountain Research Station, [1998]
Series:General technical report RMRS ; 16.
Subjects:

MARC

Tag First Indicator Second Indicator Subfields
LEADER 00000cam a2200000 a 4500
001 in00000001391
005 20151007050423.0
008 981023s1998 couab b f000 0 eng d
035 |a (OCoLC)40160011 
035 |9 AJB3000AM 
040 |a GPO  |c GPO  |d DLC  |d MvI  |d UtOrBLW 
043 |a n-ust-- 
049 |a UMIC 
074 |a 0083-B-06 (MF) 
086 0 |a A 13.88:RMRS-GTR-16 
100 1 |a Peterson, Roger S. 
245 1 0 |a Ecology and management of sand shinnery communities :  |b a literature review /  |c Roger S. Peterson and Chad S. Boyd. 
264 1 |a Fort Collins, Colo. :  |b U.S. Dept. of Agriculture, Forest Service, Rocky Mountain Research Station,  |c [1998] 
300 |a 44 pages :  |b illustrations, map ;  |c 28 cm. 
336 |a text  |b txt  |2 rdacontent 
337 |a unmediated  |b n  |2 rdamedia 
338 |a volume  |b nc  |2 rdacarrier 
490 1 |a General technical report ;  |v RMRS-GTR-16 
500 |a Cover title. 
500 |a Shipping list number: 98-0364-M. 
500 |a "August 1998"--P. [2] of cover. 
504 |a Includes bibliographical references (pages 30-38). 
650 0 |a Sand shiner  |z Southwestern States. 
650 0 |a Clearing of land  |z Southwestern States. 
650 0 |a Livestock improvement  |z Southwestern States. 
700 1 |a Boyd, Chad S. 
710 2 |a Rocky Mountain Research Station (Fort Collins, Colo.) 
830 0 |a General technical report RMRS ;  |v 16. 
999 |a MARS 
999 f f |s a21033e1-0f6a-3fb1-b0cb-09384ce96137  |i 780b376a-4fec-3f1e-aa19-8061a389f03b  |t 0 
952 f f |p normal  |a Texas A&M University  |b College Station  |c Sterling C. Evans Library  |d Evans: US Documents (Annex 5th floor)  |t 0  |e A 13.88:RMRS-GTR-16  |h Superintendent of Documents classification  |i unmediated -- volume  |m A14824390107 
998 f f |a A 13.88:RMRS-GTR-16  |t 0  |l Evans: US Documents (Annex 5th floor)